8 to 1: 1990s Pop Culture Quiz Stats

 Plays Quiz Updated Jul 19, 2017

Support Sporcle.
Go Orange.
Score 0/36 Timer 05:00
0 Plays Today
% Correct
Britpop
95.3%
MP3 files
95.2%
Step aerobics
95%
Boxercise
95%
Dennis Rodman
94.8%
Trip hop
94.8%
Carlos Leon
94.5%
Cindy Crawford
94.5%
NuMetal
94.4%
Grunge
94.3%
Spinning
94%
DVDs
93.9%
Christy Turlington
93.5%
Warren Beatty
93.5%
Email accounts
93.5%
Platform shoes
93.4%
Linda Evangelista
93.4%
ThighMaster
93.3%
% Correct
CGI movies
93.1%
Tamagotchi
92.9%
Naomi Campbell
92.8%
Jennifer Aniston
92.8%
Electro-Industrial
92.6%
Beanie Babies
92.6%
Double-bun hairdos
92.4%
World Wide Web
92.3%
Union Jack dress
91.3%
Acid trance
91.2%
Tae Bo
91%
Swing Revival
91%
Genetically modified food
91%
In-line skating
90.4%
Personal Digital Assistants
89.1%
Animal cloning
86.8%
Vanilla Ice
86.3%
Tatjana Patitz
84%

You're not logged in!

Compare scores with friends on all Sporcle quizzes.
OR
Log In
Forgot?

From the Vault

Odd One Out: MCU Scenes

by I-Am-Batman

What's odd is how these all just kinda blend into one big week-long movie.
Remove Ads.
Support Sporcle.
Get the best of Sporcle when you Go Orange. This ad-free experience offers more features, more stats, and more fun while also helping to support Sporcle. Thank you for becoming a member.

Show Comments

Extras

Top Quizzes Today


Score Distribution

Your Account Isn't Verified!

In order to create a playlist on Sporcle, you need to verify the email address you used during registration. Go to your Sporcle Settings to finish the process.

Report this User

Report this user for behavior that violates our Community Guidelines.

Details: